<?xml version="1.0" encoding="UTF-8"?>
<collection xmlns="http://www.loc.gov/MARC21/slim">
 <record>
  <leader>01941pam a22002418a 4500</leader>
  <controlfield tag="001">00020148</controlfield>
  <controlfield tag="005">20171026081023.0</controlfield>
  <controlfield tag="008">110511s2007                  ||||||Viesd</controlfield>
  <datafield tag="041" ind1="0" ind2="#">
   <subfield code="a">Vie</subfield>
  </datafield>
  <datafield tag="082" ind1="1" ind2="4">
   <subfield code="a">510.71</subfield>
   <subfield code="b">GI108T</subfield>
  </datafield>
  <datafield tag="100" ind1="0" ind2="#">
   <subfield code="a">Nguyễn Duy Thuận</subfield>
  </datafield>
  <datafield tag="245" ind1="0" ind2="0">
   <subfield code="a">Giáo trình phát triển tư duy toán học trong học sinh</subfield>
   <subfield code="b">Sách dành cho cao đẳng sư phạm</subfield>
   <subfield code="c">Nguyễn Duy Thuận</subfield>
  </datafield>
  <datafield tag="260" ind1="#" ind2="#">
   <subfield code="a">H.</subfield>
   <subfield code="b">Đại học sư phạm</subfield>
   <subfield code="c">2007</subfield>
  </datafield>
  <datafield tag="300" ind1="#" ind2="#">
   <subfield code="a">251 tr.</subfield>
   <subfield code="c">24 cm.</subfield>
  </datafield>
  <datafield tag="500" ind1="#" ind2="#">
   <subfield code="a">Sách nhà nước đặt hàng</subfield>
  </datafield>
  <datafield tag="650" ind1="#" ind2="4">
   <subfield code="a">Toán học</subfield>
  </datafield>
  <datafield tag="653" ind1="#" ind2="#">
   <subfield code="a">Tư duy</subfield>
  </datafield>
  <datafield tag="852" ind1="#" ind2="#">
   <subfield code="b">Kho mượn</subfield>
   <subfield code="j">KGT.0003125</subfield>
  </datafield>
  <datafield tag="852" ind1="#" ind2="#">
   <subfield code="b">Kho đọc</subfield>
   <subfield code="j">KD.0005637</subfield>
  </datafield>
  <datafield tag="852" ind1="#" ind2="#">
   <subfield code="j">KGT.0003125, KGT.0003126, KGT.0003127, KGT.0003128, KGT.0003129, KGT.0003130, KGT.0003131, KGT.0003132, KGT.0003133, KGT.0003134, KGT.0003135, KGT.0003136, KGT.0003137, KGT.0003138, KGT.0003139, KGT.0003140, KGT.0003141, KGT.0003142, KGT.0003143, KGT.0003144, KGT.0003145, KGT.0003146, KGT.0003147, KGT.0003148, KGT.0003149, KGT.0003150, KGT.0003151, KGT.0003152, KGT.0003153, KGT.0003154, KGT.0003155, KGT.0003156, KGT.0003157, KGT.0003158, KGT.0003159, KGT.0003160, KGT.0003161, KGT.0003162, KGT.0003163, KGT.0003164, KGT.0032470</subfield>
   <subfield code="b">Kho giáo trình</subfield>
  </datafield>
  <datafield tag="852" ind1="#" ind2="#">
   <subfield code="j">KGT.0003126</subfield>
   <subfield code="j">KGT.0003127</subfield>
   <subfield code="j">KGT.0003129</subfield>
   <subfield code="j">KGT.0003130</subfield>
   <subfield code="j">KGT.0003132</subfield>
   <subfield code="j">KGT.0003133</subfield>
   <subfield code="j">KGT.0003135</subfield>
   <subfield code="j">KGT.0003136</subfield>
   <subfield code="j">KGT.0003138</subfield>
   <subfield code="j">KGT.0003139</subfield>
   <subfield code="j">KGT.0003141</subfield>
   <subfield code="j">KGT.0003142</subfield>
   <subfield code="j">KGT.0003144</subfield>
   <subfield code="j">KGT.0003145</subfield>
   <subfield code="j">KGT.0003147</subfield>
   <subfield code="j">KGT.0003148</subfield>
   <subfield code="j">KGT.0003150</subfield>
   <subfield code="j">KGT.0003151</subfield>
   <subfield code="j">KGT.0003153</subfield>
   <subfield code="j">KGT.0003154</subfield>
   <subfield code="j">KGT.0003156</subfield>
   <subfield code="j">KGT.0003157</subfield>
   <subfield code="j">KGT.0003159</subfield>
   <subfield code="j">KGT.0003160</subfield>
   <subfield code="j">KGT.0003162</subfield>
   <subfield code="j">KGT.0003163</subfield>
   <subfield code="j">KGT.0032470</subfield>
   <subfield code="j">KGT.0048928</subfield>
   <subfield code="j">KD.0005637</subfield>
   <subfield code="j">KGT.0003125</subfield>
   <subfield code="j">KGT.0003128</subfield>
   <subfield code="j">KGT.0003131</subfield>
   <subfield code="j">KGT.0003134</subfield>
   <subfield code="j">KGT.0003137</subfield>
   <subfield code="j">KGT.0003140</subfield>
   <subfield code="j">KGT.0003143</subfield>
   <subfield code="j">KGT.0003146</subfield>
   <subfield code="j">KGT.0003149</subfield>
   <subfield code="j">KGT.0003152</subfield>
   <subfield code="j">KGT.0003155</subfield>
   <subfield code="j">KGT.0003158</subfield>
   <subfield code="j">KGT.0003161</subfield>
   <subfield code="j">KGT.0003164</subfield>
  </datafield>
  <datafield tag="910" ind1="0" ind2="#">
   <subfield code="a">N.V.Đức</subfield>
   <subfield code="d">11/05/2011</subfield>
  </datafield>
  <datafield tag="980" ind1="#" ind2="#">
   <subfield code="a">Trung tâm Học liệu Lê Vũ Hùng, Trường Đại học Đồng Tháp</subfield>
  </datafield>
 </record>
</collection>
